Guess the Chloe Ament song without any clues 2 - Statistics

General Stats
  • This quiz has been taken 11 times
  • The average score is 86 of 293
Answer Stats
Lyrics % Correct
a
80%
A
80%
and
60%
And
60%
can
60%
Do
60%
do
60%
down
60%
I
60%
know
60%
love
60%
me
60%
run
60%
So
60%
so
60%
sun
60%
the
60%
to
60%
To
60%
When
60%
when
60%
who
60%
will
60%
You
60%
you
60%
all
40%
could
40%
felt
40%
had
40%
He
40%
he
40%
how
40%
How
40%
I'm
40%
in
40%
In
40%
Is
40%
knew
40%
man
40%
never
40%
no
40%
or
40%
said
40%
sets
40%
that
40%
What
40%
across
20%
agnostics
20%
as
20%
believe
20%
bell
20%
broken
20%
But
20%
but
20%
by
20%
call
20%
car
20%
church
20%
cold
20%
Condemned
20%
dark
20%
does
20%
enlist
20%
Evangeline
20%
feel
20%
fire
20%
from
20%
Grown
20%
hurt
20%
I'll
20%
inside
20%
it
20%
just
20%
law
20%
leaned
20%
leave
20%
Let
20%
lock
20%
Lord
20%
mind
20%
my
20%
of
20%
pressed
20%
rang
20%
schoolyard
20%
see
20%
some
20%
stayed
20%
them
20%
They
20%
thing
20%
type
20%
way
20%
were
20%
wish
20%
With
20%
with
20%
wouldn't
20%
Young
20%
your
20%
adjacent
0%
Admitting
0%
another
0%
around
0%
asking
0%
basement
0%
before
0%
beneath
0%
breaking
0%
cardboard
0%
Catch
0%
chains
0%
Claimed
0%
come
0%
confession
0%
corrupted
0%
cross
0%
deadly
0%
displayed
0%
doubt
0%
Drag
0%
everything
0%
for
0%
four
0%
free
0%
get
0%
girls
0%
god
0%
good
0%
grave
0%
Hades
0%
helped
0%
home
0%
ice
0%
I'd
0%
identity
0%
intercession
0%
lot
0%
lugged
0%
made
0%
might
0%
mustang
0%
not
0%
one
0%
only
0%
out
0%
own
0%
postcard
0%
pray
0%
prison
0%
proof
0%
raised
0%
Redirect
0%
righteous
0%
rings
0%
rot
0%
save
0%
Send
0%
sense
0%
sick
0%
sinner
0%
sins
0%
skeptic
0%
skin
0%
stood
0%
teeth
0%
town
0%
tried
0%
turn
0%
walls
0%
watch
0%
wicked
0%
No matching quizzes found
Score Distribution
Percent of People with Each Score
Percentile by Number Answered
Your Score History
You have not taken this quiz